Lozan'dan Cumhuriyet'e İsmet İnönü Sergisi (Kayıt no. 2607)

MARC ayrıntıları
000 -BAŞLIK
Sabit Uzunlukta Kontrol Alanı 00790na a2200241 4500
001 - KONTROL NUMARASI
Denetim Alanı 19481
003 - KONTROL NUMARASI IDENTIFIER
Denetim Alanı MIRAKIL
005 - SON İŞLEM TARİHİ VE ZAMANI
Denetim Alanı 20181213154903.0
008 - SABİT-BOY VERİ ELEMANLARI - GENEL BİLGİLER
Sabit Uzunlukta Kontrol Alanı 161215b tu 000 0
040 ## - KATALOGLAMA KAYNAK
Orijinal Kataloglama Ajansı Milas
Kataloglama Dili tur
Metne Dönüştürmek Ajansı TR-AnCHP
041 ## - DİL KODU
Metin / Ses Parça Veya Ayrı Başlığın Dil Kodu tur
082 ## - DEWEY ONLU SINIFLANDIRMA NUMARASI
Sınıflandırma Numarası 956.10240208
Ürün Numarası T66l [t.y.]
090 ## - SINIFLAMA NUMARASI
Sınıflama Numarası 956.10240208 T66l [t.y.]
100 ## - ANA GİRİŞ - KİŞİSEL İSİM
Kişisel Ad Toprak, Zafer
245 ## - BAŞLIK TABLOSU
Başlık Lozan'dan Cumhuriyet'e İsmet İnönü Sergisi
Sorumluluk Tablosu, Vb Zafer Toprak; editör Fatma Türe ; sergi tasarım Çağdaş Arpaç
260 ## - YAYIN, DAĞITIM, VB
Yayın, Dağıtım, Vb Yeri İstanbul
Yayıncı, Dağıtıcı, Vs Adı İnönü Vakfı
Yayın, Dağıtım, Vb Tarihi [t.y.]
300 ## - FİZİKSEL TANIM
Kapsam 14 s.
Diğer Fiziksel Ayrıntıları fotğ.; hrt.
Boyutlar 21 sm.
600 ## - KONU KATMA GİRİŞ - KURUMSAL ADI
Kişisel Ad İnönü, İsmet
Bir Adıyla İlişkilendirilen Tarihler 1884-1973
Genel Alt Bölümü Fotoğraflar
Kronolojik Alt Bölümü Sergiler
650 ## - KONU KATMA GİRİŞ - TOPİKAL DÖNEM
Topikal Süreli Veya Coğrafi Ad Giriş Elemanı Lozan Barış Antlaşması
Genel Alt Bölümü Fotoğraf sergileri
700 ## - KATMA GİRİŞ - KİŞİSEL İSİM
Kişisel Ad Arpaç, Çağdaş
700 ## - KATMA GİRİŞ - KİŞİSEL İSİM
Kişisel Ad Türe, Fatma
942 ## - EKLENDİ GİRİŞ ELEMANLARI (KOHA)
Sınıflandırma Veya Raf Düzeni Kaynak
Koha Öğesi Türü Kitaplar
999 ## - SİSTEM KONTROL NUMARALARI (KOHA)
Koha Biblionumber 2607
Koha Biblioitemnumber 2607
Mevcut
Kalıcı Konum Mevcut Konum Edinme Tarihi Edinim Kaynak Toplam Check-Out'Lar Tam Çağrı Numarası Barkod Tarih Son Görülme İtibaren Geçerli Fiyatlar Koha Öğesi Türü
CHP Kütüphanesi CHP Kütüphanesi 12/15/2016 Bağış   956.10240208 T66l [t.y.] 011592 12/15/2016 12/15/2016 Kitaplar